| 000 -LEADER |
| fixed length control field |
01313pab a2200181 454500 |
| 008 - FIXED-LENGTH DATA ELEMENTS--GENERAL INFORMATION |
| fixed length control field |
180718b2000 xxu||||| |||| 00| 0 eng d |
| 100 ## - MAIN ENTRY--PERSONAL NAME |
| Personal name |
Muggah, H.C.R. |
| 245 ## - TITLE STATEMENT |
| Title |
Conflict-induced displacement and involuntary resettlement in Colombia: putting Cernea's IRLR model to the test |
| 260 ## - PUBLICATION, DISTRIBUTION, ETC. |
| Date of publication, distribution, etc. |
2000 |
| 300 ## - PHYSICAL DESCRIPTION |
| Extent |
p.198-216 |
| 362 ## - DATES OF PUBLICATION AND/OR SEQUENTIAL DESIGNATION |
| Dates of publication and/or sequential designation |
Sep |
| 520 ## - SUMMARY, ETC. |
| Summary, etc. |
This paper tests Cernea's (1997) impoverishment risks and livelihood reconstruction (IRLR) model in cases of conflict-induced displacement (CID). In applying the model to a situation involving internal conflict, the article illustrates the particular problems encountered by internally displaced people (IDPs) and policymakers charged to respond to them. The article searches for local interpretations of CID and resettlement through a comparative profile of two IDP settlements in Colombia: one urban, the other rural. It concludes that the IRLR model, when contextualised, provides a useful tool to identify and categorise risks of impoverishment and resettlement priorities. At the same time, however, the article demonstrates that the model insufficiently captures the root causes or causality of CID. - Reproduced |
| 650 ## - SUBJECT ADDED ENTRY--TOPICAL TERM |
| Topical term or geographic name entry element |
Resettlement - Colombia |
| 650 ## - SUBJECT ADDED ENTRY--TOPICAL TERM |
| Topical term or geographic name entry element |
Poor - Colombia |
| 650 ## - SUBJECT ADDED ENTRY--TOPICAL TERM |
| Topical term or geographic name entry element |
Refugees |
| 773 ## - HOST ITEM ENTRY |
| Main entry heading |
Disasters |
| 909 ## - |
| -- |
46479 |